Szczegóły MARC21

Biblia copywritingu : słowo daję, zyski rosną! /

003 -Nazwa inst., której nr kontr. jest w polu 001 [,]
    • @
    • Nazwa instytucji, której n kontrolny jest w polu 001
    • NUKAT
005 -DATA I CZAS OSTATNIEJ MODYFIKACJI [,]
    • @
    • pole kontrolne
    • 20241231095738.0
020 -Międzynarod. znormalizowany nr książki - ISBN [ , ]
    • a
    • Numer ISBN
    • 9788328327009 Find
040 -Instytucja sporządzająca opis [ , ]
    • a
    • Instytucja, która sporządziła opis (NP)
    • WR U/mt
    • c
    • Instytucja, która sporządziła rekord (NP)
    • WR U/mt
    • d
    • Instytucja, która zmodyfikowała rekord (P)
    • WR U/bk
    • d
    • Instytucja, która zmodyfikowała rekord (P)
    • KAT U/MBs
    • d
    • Instytucja, która zmodyfikowała rekord (P)
    • WR U/mts
942 -Rodzaj dokumentu [ , ]
    • c
    • Rodzaj dokumentu
    • Książka
100 -Hasło główne - nazwa osobowa [1, ]
    • a
    • Nazwa osobowa (NP)
    • Puzyrkiewicz, Dariusz.
    • 9
    • KHW
    • 443183
245 -Strefa tytułu i oznaczenia odpowiedzialności [1,0]
    • a
    • Tytuł
    • Biblia copywritingu : Find
    • b
    • Ciąg dalszy tytułu (NP)
    • słowo daję, zyski rosną! / Find
    • c
    • Pozostałe elementy strefy tytułu i oznaczenia odpowiedzialności (NP)
    • Darek Puzyrkiewicz.
260 -Strefa adresu wydawniczego [ , ]
    • a
    • Miejsce wydania (P)
    • Gliwice :
    • b
    • Nazwa wydawcy (P)
    • Wydawnictwo Helion - Onepress,
    • c
    • Data wydania (P)
    • cop. 2017.
300 -Strefa opisu fizycznego [ , ]
    • a
    • Określenie formy książki i/lub objętość (NP)
    • 190 s. ;
    • c
    • Format (NP)
    • 21 cm.
336 -Typ zawartości [ , ]
    • a
    • Termin opisujący typ zawartości
    • Tekst
    • b
    • Kod określający zawartość
    • txt
    • 2
    • Źródło (terminu i kodu)
    • rdacontent
337 -Typ mediów [ , ]
    • a
    • Tryb odtwarzania
    • Bez urządzenia pośredniczącego
    • b
    • Kod typu mediów
    • n
    • 2
    • Źródło (terminu i kodu)
    • rdamedia
338 -Typ/rodzaj nośnika [ , ]
    • a
    • Hasło opisujące typ nośnika
    • Wolumin
    • b
    • Kod typu nośnika
    • nc
    • 2
    • Źródło (terminu i kodu)
    • rdacarrier
650 -Hasło przedmiotowe [ ,7]
    • a
    • Hasło przedmiotowe
    • Reklama.
    • 2
    • Źródło terminu
    • kaba
    • 9
    • KHW
    • 127632
650 -Hasło przedmiotowe [ ,7]
    • a
    • Hasło przedmiotowe
    • Perswazja (psychologia)
    • x
    • Określnik rzeczowy
    • aspekt ekonomiczny.
    • 2
    • Źródło terminu
    • kaba
    • 9
    • KHW
    • 397926
650 -Hasło przedmiotowe [ ,7]
    • a
    • Hasło przedmiotowe
    • Perswazja (psychologia)
    • x
    • Określnik rzeczowy
    • aspekt społeczny.
    • 2
    • Źródło terminu
    • kaba
    • 9
    • KHW
    • 410905
650 -Hasło przedmiotowe [ ,7]
    • a
    • Hasło przedmiotowe
    • Marketing
    • x
    • Określnik rzeczowy
    • aspekt społeczny.
    • 2
    • Źródło terminu
    • kaba
    • 9
    • KHW
    • 159846
650 -Hasło przedmiotowe [ ,7]
    • a
    • Hasło przedmiotowe
    • Copywriting.
    • 2
    • Źródło terminu
    • kaba
    • 9
    • KHW
    • 170561
710 -Hasło dodatkowe - nazwa ciała zbiorowego [2, ]
    • a
    • Nazwa ciała zbiorowego lub nazwa geograficzna jako pierwszy element (NP)
    • Grupa Wydawnicza Helion.
    • 4
    • Kod relacji
    • pbl
    • 9
    • KHW
    • 51611
920 -ISBN [ , ]
    • a
    • ISBN
    • 978-83-283-2700-9 Find
Sygnatura Status udost. Numer inwentarzowy Lokalizacja Data inwentaryzacji
T.19939-2T.19939T2018-01-25